New Technologies : Products from Phaidon Design Classics : 667-999 /
Obra que, a lo largo de tres volúmenes, da cuenta del origen y evolución del diseño industrial, a través de la historia de 999 objetos emblemáticos creados por artistas diversos, desde el momento en que la Revolución Industrial transformó los procesos manufactureros, hasta nuestros días con la inger...
Saved in:
| Corporate Author: | |
|---|---|
| Other Authors: | |
| Format: | Book |
| Language: | English |
| Published: |
Nueva York, EUA :
Phaidon,
2006, c2006
|
| Subjects: | |
| Tags: |
No Tags, Be the first to tag this record!
|
MARC
| LEADER | 00000nam^a2200000^a^4500 | ||
|---|---|---|---|
| 001 | 000298851 | ||
| 005 | 20250521000000.0 | ||
| 008 | 100420 20062006 | ||
| 009 | 20260310112421.828 | ||
| 020 | |a 978-0-7148-5667-4 | ||
| 020 | |a 0-7148-4399-7 | ||
| 037 | |a Acervo ITESO - Biblioteca | ||
| 041 | |a ING | ||
| 082 | |a 745. 209 |b PHA V. 3 | ||
| 110 | |a Phaidon |e (idea original) | ||
| 240 | 1 | 1 | |a [Products from Phaidon Design Classics] |
| 245 | 1 | 0 | |a New Technologies : |b Products from Phaidon Design Classics : 667-999 / |c Idea de Phaidon ; dir. artística de A. Fletcher. |
| 264 | 4 | |a Nueva York, EUA : |b Phaidon, |c 2006, c2006 | |
| 300 | |a 1 v. (sin paginación) | ||
| 336 | |a texto |b txt |2 rdacontenido | ||
| 337 | |a sin mediación |b n |2 rdamedio | ||
| 338 | |a volumen |b nc |2 rdasoporte | ||
| 520 | |a Obra que, a lo largo de tres volúmenes, da cuenta del origen y evolución del diseño industrial, a través de la historia de 999 objetos emblemáticos creados por artistas diversos, desde el momento en que la Revolución Industrial transformó los procesos manufactureros, hasta nuestros días con la ingerencia en el campo de las tecnologías de información y comunicación. | ||
| 649 | |a XX | ||
| 650 | |a Industria Manufacturera | ||
| 650 | |a Muebles | ||
| 650 | |a Envases | ||
| 650 | |a Accesorios y Aparatos Domésticos | ||
| 650 | |a Juguetes | ||
| 650 | |a Diseño Asistido por Computadora | ||
| 650 | |a Diseño Industrial - |x Historia y Crítica - |x Tema Principal | ||
| 650 | |a Diseño - |x Historia y Crítica | ||
| 650 | |a Arte - |x Historia y Crítica | ||
| 700 | |a Fletcher, Alan |e (dir. artística) | ||
| 910 | |a Fondo General | ||
| 920 | |a Impresos - Libros | ||
| 930 | |a Reserva Especial | ||
| 905 | |a 103 | ||
| 901 | |a 0500184583 |b IT1 |c REE |i C123398 |u 20250521 | ||
| 902 | |a https://opac.biblio.iteso.mx/vufind/Record/000298851 | ||